LEADER 00880nam0 22002651i 450 001 RML0234927 005 20231121125701.0 100 $a20121121d1990 ||||0itac50 ba 101 | $aita 102 $ait 181 1$6z01$ai $bxxxe 182 1$6z01$an 200 1 $aGeographie de la population$fPierre George 205 $a7eme ed 210 $aParis $cPresses Univ. de France $d1990 215 $a127 p.$d17 cm 700 1$aGEORGE$b, Pierre$3RMLV148967$04827 801 3$aIT$bIT-01$c20121121 850 $aIT-FR0098 899 $aBiblioteca Area Giuridico Economica$bFR0098 912 $aRML0234927 950 0$aBiblioteca Area Giuridico Economica$d 53CAM COLL.Q.S.J./1187$e 53VM 0000033615 VM barcode:0002860VM$fA $h19950511$i20121204 977 $a 53 996 $aGéographie de la population$91682910 997 $aUNICAS LEADER 02205oam 2200277z- 450 001 9910141716903321 005 20200416110323.0 035 $a(CKB)2560000000291953 035 $a(Perlego)2363157 035 $a(EXLCZ)992560000000291953 100 $a20210326d2013 uy | 101 0 $aita 200 00$aScritti "romani" $eScrittura, libri e cultura a Roma in eta? medievale 210 $aRoma $cViella$d2012 311 08$a9788883349164 311 08$a8883349164 311 08$a9788867280261 311 08$a8867280260 330 8 $aIl volume raccoglie i saggi di argomento romano pubblicati da Paola Supino Martini dal 1974 al 2002; i contributi, che attraversano tutta l'attivita? della studiosa e permettono di seguirne il rigoroso itinerario intellettuale, testimoniano il suo insistito e profondo interesse per la cultura grafica di Roma e del territorio indagata nei libri, nelle carte, nelle epigrafi e percorsa dall'eta? damasiana fino a Martino V. Paola Supino Martini (1942-2002) ha insegnato Paleografia e diplomatica nelle Universita? di Lecce, Salerno e Roma, dove si laureo? nel 1965 con Giorgio Cencetti. Tra i tanti titoli della sua ricca e varia bibliografia, ricomposta nel presente volume, si segnala solo, per vicinanza tematica con i saggi qui raccolti, la monografia Roma e l'area grafica romanesca (secoli X-XII), pubblicata nel 1987, che ricostruisce in maniera esemplare la fisionomia culturale e grafica dell'area che vide l'affermazione e l'utilizzazione nell'uso librario tra X e XII secolo di una particolare tipizzazione della scrittura carolina, la "minuscola romanesca". Il contributo di quell'antico volume alla costruzione del tema romano, che costituisce il tratto piu? spiccatamente distintivo della biografia scientifica della studiosa, resta fondamentale, ma non minore e? l'importanza, compiutamente svelata dalla lettura sequenziale, dei contributi qui pubblicati che irrobustiscono, completano, dilatano il quadro li? delineato. 517 $aScritti romani 700 $aSupino Martini$b Paola$0477344 701 $aAncidei$b Giuliana$0612671 906 $aBOOK 912 $a9910141716903321 996 $aScritti romani$91140597 997 $aUNINA